00697nam a2200121Ia 4500008004100000082002800041100002100069245014300090260004800233365000800281630014300289730014300432100415s9999 xx 000 0 und d b20177a599.74428(54795) aEDGAONKAR ADVAIT aPreliminary study on the Ecology of the Leopard, Panthera Pardus fusca in the Sanjay Gandhi National Parl, Maharashtra: For Reference Only aDEHRADUNc1998bWILDLIFE INSTITUTE OF INDIA b150 aPreliminary study on the Ecology of the Leopard, Panthera Pardus fusca in the Sanjay Gandhi National Parl, Maharashtra: For Reference Only aPreliminary study on the Ecology of the Leopard, Panthera Pardus fusca in the Sanjay Gandhi National Parl, Maharashtra: For Reference Only